| 000 | 01089nmm a2200313 a 4500 | ||
|---|---|---|---|
| 001 | ocm0002015755 | ||
| 003 | TR-IsHL | ||
| 005 | 20201028180641.0 | ||
| 008 | 181218s2018 tu tur | ||
| 007 | cr cn | ||
| 020 | _a9786053844235 | ||
| 035 |
_a2015755 _b(N$T) |
||
| 050 | 0 | 4 |
_aBF717 _b.L9419 2018 |
| 090 | 0 | 4 |
_aBF717 _b.L9419 2018 |
| 100 | 1 | _aLindenfield, Gael | |
| 245 | 1 | 0 |
_aUnutmayın okul evde başlar: Kendine güvenen çocuklar yetiştirmek _h[electronic resource] / _cGael Lindenfield ; çeviri Elif Yüksel |
| 260 |
_aİstanbul : _bYakamoz Kitap, _c2018 |
||
| 300 | _a264 p. | ||
| 500 | _aEserin orijinal adı: Confident Children | ||
| 650 | 4 | _aFelsefe, Psikoloji ve Din | |
| 650 | 4 | _aPhilosophy, Psychology and Religion | |
| 650 | 0 | _aÇocuk yetiştirme | |
| 650 | 0 | _aChild rearing | |
| 650 | 0 | _aÇocuk Psikolojisi | |
| 650 | 0 | _aChild psychology | |
| 650 | 7 |
_aFAMILY & RELATIONSHIPS / Parenting / General _2bisacsh |
|
| 700 | 1 | _aYüksel, Elif | |
| 856 | 4 | 0 | _uhttp://search.ebscohost.com/login.aspx?direct=true&scope=site&db=e011xww&AN=2015755 |
| 999 |
_c19240 _d19240 |
||